| 000 | 01296cam a2200313 a 4500 | ||
|---|---|---|---|
| 001 | 1421037 | ||
| 005 | 20040827172154.0 | ||
| 008 | 840301s1983 dcu b f000 0 eng c | ||
| 010 | _a 83603644 | ||
| 040 |
_aDGPO/DLC _cDLC _dDLC |
||
| 043 |
_aa-is--- _aaw----- _an-us--- |
||
| 050 | 0 | 0 |
_aDS119.7 _b.Q716 1983 |
| 082 | 0 | 0 |
_a327.73056 _219 _bQUE |
| 086 | 0 | _aS 1.2:P 31/25 | |
| 245 | 0 | 4 |
_aThe Quest for peace : _bThe Dag Hammarskjold Memorial Lectures/ _cEdited by Andrew W. Cordier & Wilder Foote |
| 260 |
_aNew York : _bColumbia University Press, _c1965 |
||
| 300 |
_avii, 390 p. ; _c24 cm. |
||
| 440 | 0 | _99529 | |
| 500 | _aDonated by: Alaa Abdel Ghany | ||
| 504 | _aIncludes bibliographical references. | ||
| 650 | 0 |
_aArab-Israeli conflict _y1967-1973. _99530 |
|
| 650 | 0 |
_aArab-Israeli conflict _y1973-1993. _99531 |
|
| 651 | 0 |
_aUnited States _xForeign relations _zMiddle East. _99532 |
|
| 651 | 0 |
_aMiddle East _xForeign relations _zUnited States. _99533 |
|
| 651 | 0 |
_aUnited States _xForeign relations _y1945-1989. _99534 |
|
| 710 | 1 |
_aUnited States. _bDept. of State. _99535 |
|
| 942 |
_2ddc _cBB |
||
| 999 |
_c12956 _d12956 |
||